Kitleler psikolojisi (Record no. 49)

MARC details
000 -BAŞLIK
Sabit Uzunlukta Kontrol Alanı 00707na a2200265 4500
001 - KONTROL NUMARASI
Denetim Alanı 12569
003 - KONTROL NUMARASI IDENTIFIER
Denetim Alanı MIRAKIL
005 - SON İŞLEM TARİHİ VE ZAMANI
Denetim Alanı 20181213154731.0
008 - SABİT-BOY VERİ ELEMANLARI - GENEL BİLGİLER
Sabit Uzunlukta Kontrol Alanı 160820b tu 000 0
020 ## - ULUSLARARASI STANDART KİTAP NUMARASI
Uluslararası Standart Kitap Numarası 9758243071
035 ## - SİSTEM KONTROL NUMARASI
Sistem Kontrol Numarası 12569
040 ## - KATALOGLAMA KAYNAK
Orijinal Kataloglama Ajansı Milas
Kataloglama Dili tur
Metne Dönüştürmek Ajansı TR-AnCHP
082 ## - DEWEY ONLU SINIFLANDIRMA NUMARASI
Sınıflandırma Numarası 302.5
Ürün Numarası L31k 2005
090 ## - SINIFLAMA NUMARASI
Sınıflama Numarası 302.5 L31k 2005
100 ## - ANA GİRİŞ - KİŞİSEL İSİM
Kişisel Ad Le Bon, Gustave
245 ## - BAŞLIK TABLOSU
Başlık Kitleler psikolojisi
Sorumluluk Tablosu, Vb Gustave Le Bon ; Editör Yunus Ender
260 ## - YAYIN, DAĞITIM, VB
Yayın, Dağıtım, Vb Yeri İstanbul
Yayıncı, Dağıtıcı, Vs Adı Hayat Yayıncılık
Yayın, Dağıtım, Vb Tarihi 2005
300 ## - FİZİKSEL TANIM
Kapsam 143 s.
Boyutlar 21 sm.
490 ## - SERİSİ TABLOSU
Seri Beyanı Psikoloji dizisi
Hacim / Ardışık Tanımı 2
490 ## - SERİSİ TABLOSU
Seri Beyanı Hayat yayınları
Hacim / Ardışık Tanımı 6
650 ## - KONU KATMA GİRİŞ - TOPİKAL DÖNEM
Topikal Süreli Veya Coğrafi Ad Giriş Elemanı Sosyal psikoloji
650 ## - KONU KATMA GİRİŞ - TOPİKAL DÖNEM
Topikal Süreli Veya Coğrafi Ad Giriş Elemanı Kitleler
Genel Alt Bölümü Psikoloji
700 ## - KATMA GİRİŞ - KİŞİSEL İSİM
Kişisel Ad Ender, Yunus
942 ## - EKLENDİ GİRİŞ ELEMANLARI (KOHA)
Sınıflandırma Veya Raf Düzeni Kaynak Dewey Decimal Classification
Koha Öğesi Türü Books
999 ## - SİSTEM KONTROL NUMARALARI (KOHA)
Koha Biblionumber 49
Koha Biblioitemnumber 49
Holdings
Kalıcı Konum Mevcut Konum Edinme Tarihi Edinim Kaynak Toplam Check-Out'Lar Tam Çağrı Numarası Barkod Tarih Son Görülme İtibaren Geçerli Fiyatlar Koha Öğesi Türü
CHP Kütüphanesi CHP Kütüphanesi 07/25/2016 Bağış   302.5 L31k 2005 000106 07/25/2016 07/25/2016 Books